000 00787nam a2200301Ia 4500
008 160525s9999||||xx |||||||||||||| ||und||
040 _cEnglish
082 _aXI.F/Taswell-largmead
082 _bBORI-53393
100 _aThomas Pitt Taswell-Langmead
245 _aEnglish Constitutional History
250 _bEight
260 _aLondon
260 _bSweet And Maxwell
260 _c1919
300 _axxiv+830
300 _cA
300 _eHardbound
530 _u00053393.pdf
563 _aStudy
600 _aThomas Pitt Taswell-Langmead
630 _aEnglish Constitutional History
650 _aEnglish Literature
650 _aGeneral Indology
700 _aThomas Pitt Taswell-Langmead
730 _aEnglish Constitutional History
942 _cBOOK
999 _c1380285
_d1380282